书目信息 |
| 题名: |
环境土壤学
|
|
| 作者: | 陈怀满 主编 | |
| 分册: | ||
| 出版信息: | 北京 科学出版社 2005 |
|
| 页数: | 547页 | |
| 开本: | 24cm | |
| 丛书名: | ||
| 单 册: | ||
| 中图分类: | X144 | |
| 科图分类: | ||
| 主题词: | 环境土壤学 | |
| 电子资源: | ||
| ISBN: | 7-03-014903-3 | |
| 000 | 00863nam0 2200253 450 | |
| 001 | 002848071 | |
| 005 | 20070805150027.01 | |
| 010 | @a7-03-014903-3@dCNY52.00 | |
| 035 | @a002848071 | |
| 100 | @a20050221e20062005em y0chiy0110 ea | |
| 101 | 0 | @achi |
| 102 | @aCN@b110000 | |
| 105 | @ay z 000yy | |
| 106 | @ar | |
| 200 | 1 | @a环境土壤学@Ahuan jing tu rang xue@f陈怀满主编@Fchen huai man zhu bian |
| 210 | @a北京@c科学出版社@d2005@h2006重印 | |
| 215 | @a547页@d24cm | |
| 300 | @a21世纪环境科学 | |
| 330 | @a本书对环境土壤学的定义、定位和研究内容等进行了较为全面的讨论。全书共分11章,阐述了环境土壤学的产生与发展;土壤的基本组成、性质和分类;对典型污染物在土壤圈中的循环和对环境质量的影响作了探讨。 | |
| 606 | 0 | @a环境土壤学 |
| 690 | @aX144@v4 | |
| 701 | 0 | @a陈怀满@Achen huai man@f(1939.12~)@4主编 |
| 801 | 0 | @aCN@bNLC@c20070805 |
| 905 | @dX144@e155@f4 | |
| 环境土壤学/陈怀满主编.-北京:科学出版社,2005(2006重印) |
| 547页;24cm |
| 21世纪环境科学 |
| ISBN 7-03-014903-3:CNY52.00 |
| 本书对环境土壤学的定义、定位和研究内容等进行了较为全面的讨论。全书共分11章,阐述了环境土壤学的产生与发展;土壤的基本组成、性质和分类;对典型污染物在土壤圈中的循环和对环境质量的影响作了探讨。 |
| ● |
| 相关链接 |
|
|
|
|
正题名:环境土壤学
索取号:X144/155
 
预约/预借
| 序号 | 登录号 | 条形码 | 馆藏地/架位号 | 状态 | 备注 |
| 1 | 0852608 | 208526086 | 第二样本阅览室/ [索取号:X144/155] | 在馆 | |
| 2 | 0852609 | 208526095 | 第三借阅区/ [索取号:X144/155] | 在馆 | |
| 3 | 0852610 | 208526102 | 第三借阅区/ [索取号:X144/155] | 在馆 | |
| 4 | 0852611 | 208526111 | 第三借阅区/ [索取号:X144/155] | 在馆 |